00292nam a2200121Ia 45000030006000000080041000060400015000471000026000622450044000882600009001325460012001410050017001530STCL150530s9999 xx 000 0 und d aSTCLcSTCL aJohn Millington Synge aSynge the play boy of the western world c1981 aEnglish20220125171009.0